000 00712nam a2200265Ia 4500
001 3418
005 20240113233628.0
007 ta
008 170425s1984 ii a g b000 u 465 u
040 _aCotton College,Assam
041 _a465
082 _a330.954
_bDe 51 El
100 _aDewett, K.K .
245 0 _aElementary Indian Economics /
_cK.K.Dewett & J.D.Varma.
_hTextual Documents
250 _a1st ed. /
260 _aNew Delhi :
_bS.Chand &Company(Pvt)Ltd ,
_c1984.
300 _a575p. :
_bill. ;
_c21cm .
653 _aEconomics-India
653 _aIndia-Economics
653 _aG-Economics
700 _aVarma, J.D. .
942 _2ddc
_cBK
999 _c3406
_d3406